Fisiología Humana / (Registro nro. 907)
[ vista simple ]
| 000 -LEADER | |
|---|---|
| fixed length control field | 01512nam a2200409 a 4500 |
| 008 - CAMPO DE CONTROL (LIBRO) | |
| fixed length control field | 110830s2010 mx a f |||| 001 0 spa d |
| 020 ## - INTERNATIONAL STANDARD BOOK NUMBER | |
| ISBN | 9786071503497 |
| 041 ## - CODIGO DE IDIOMA | |
| Código de idioma del texto/pista de sonido o título separado | spa |
| 092 ## - SIGNATURA TOPOGRAFICA DEWEY LOCAL | |
| número de clasificación | 612 |
| libristica | 24 |
| sección | FER |
| 100 1# - ENTRADA PRINCIPAL--NOMBRE PERSONAL | |
| Nombre personal | Fernández Tresguerres, Jesús A. |
| 9 (RLIN) | 1230 |
| 245 ## - TITULO PROPIAMENTE DICHO | |
| Título | Fisiología Humana / |
| Mención de responsabilidad y remanente de la transcripción de la portada | Jesús A. Fernández Tresguerres |
| 250 ## - MENCION DE EDICION | |
| Mención de edición | 4a ed. |
| 260 ## - PIE DE IMPRENTA | |
| Lugar de publicación, distribución, etc | México: |
| Nombre de la editorial, distribuidor, etc | McGraw-Hill; |
| Fecha de publicación | 2010. |
| 300 ## - DESCRIPCION FISICA | |
| Extension | 1228 p. |
| Otros detalles físicos | il. |
| 500 ## - NOTA GENERAL | |
| Nota general | Fernández Tresguerres, J. A. et al. (2010). Fisiología Humana. (4a ed.). México : McGraw-Hill. |
| 590 ## - NOTAS LOCALES (RLIN) | |
| Nota local | Compra FACIMED, Agosto 2011 |
| 653 ## - TÉRMINO INDIZADO - PALABRAS CLAVES | |
| Palabra clave | Fisiología general y celular |
| 653 ## - TÉRMINO INDIZADO - PALABRAS CLAVES | |
| Palabra clave | Neurofisiología I |
| 653 ## - TÉRMINO INDIZADO - PALABRAS CLAVES | |
| Palabra clave | Neurofisiología II |
| 653 ## - TÉRMINO INDIZADO - PALABRAS CLAVES | |
| Palabra clave | Fisiología de la sangre |
| 653 ## - TÉRMINO INDIZADO - PALABRAS CLAVES | |
| Palabra clave | Fisiología renal |
| 653 ## - TÉRMINO INDIZADO - PALABRAS CLAVES | |
| Palabra clave | Fisiología del sistema cardiovascular |
| 653 ## - TÉRMINO INDIZADO - PALABRAS CLAVES | |
| Palabra clave | Fisiologia del sistema respiratoria |
| 653 ## - TÉRMINO INDIZADO - PALABRAS CLAVES | |
| Palabra clave | Fisiología del aparato digestivo |
| 653 ## - TÉRMINO INDIZADO - PALABRAS CLAVES | |
| Palabra clave | Fisiología del sistema endocrino |
| 653 ## - TÉRMINO INDIZADO - PALABRAS CLAVES | |
| Palabra clave | Integración y adaptación del organismo |
| 700 1# - ENTRADAS SECUNDARIAS - NOMBRE PERSONAL | |
| Nombre personal | Ariznavarreta Ruiz, Carmen |
| Función | Coord. |
| 9 (RLIN) | 3818 |
| 700 1# - ENTRADAS SECUNDARIAS - NOMBRE PERSONAL | |
| Nombre personal | Cachofeiro, Victoria |
| Función | Coord. |
| 9 (RLIN) | 3819 |
| 700 1# - ENTRADAS SECUNDARIAS - NOMBRE PERSONAL | |
| Nombre personal | Cardinali, Daniel P. |
| 9 (RLIN) | 254 |
| 700 1# - ENTRADAS SECUNDARIAS - NOMBRE PERSONAL | |
| Nombre personal | Escrich Escriche, Eduard |
| Función | Coord. |
| 9 (RLIN) | 3820 |
| 700 1# - ENTRADAS SECUNDARIAS - NOMBRE PERSONAL | |
| Nombre personal | Gil-Loyzaga, Pablo E. |
| Función | Coord. |
| 9 (RLIN) | 3821 |
| 700 1# - ENTRADAS SECUNDARIAS - NOMBRE PERSONAL | |
| Nombre personal | Lahera Juliá, Vicente |
| Función | Coord. |
| 9 (RLIN) | 3822 |
| 700 1# - ENTRADAS SECUNDARIAS - NOMBRE PERSONAL | |
| Nombre personal | Mora Teruel, Francisco |
| Función | Coord. |
| 9 (RLIN) | 3823 |
| 700 1# - ENTRADAS SECUNDARIAS - NOMBRE PERSONAL | |
| Nombre personal | Romano Pardo, Marta |
| Función | Coord. |
| 9 (RLIN) | 3824 |
| 700 1# - ENTRADAS SECUNDARIAS - NOMBRE PERSONAL | |
| Nombre personal | Tamargo Menéndez, J. |
| Función | Coord. |
| 9 (RLIN) | 3825 |
| 942 ## - ADDED ENTRY ELEMENTS (KOHA) | |
| Source of classification or shelving scheme | Dewey Decimal Classification |
| Item type | Libros |
| Estado de retiro | Existencia | Fuente de clasificación | Estado general | No para prestamo | Colección | Ubicación permanente | ubicación actual | Sala de ubicación | Fecha de adquisición | Total Checkouts | Total Renewals | Número de clasificación | Código de barras | Checked out | Date last seen | Date last borrowed | Número de ejemplar | Price effective from | Koha tipo de elemento (item) | Public note | Coded location qualifier | Costo, precio normal de compra | Uso restringido | Fuente de adquisición |
|---|---|---|---|---|---|---|---|---|---|---|---|---|---|---|---|---|---|---|---|---|---|---|---|---|
| Dewey Decimal Classification | Reference | Biblioteca Medicina | Biblioteca Medicina | Referencia | 30/08/2011 | 2 | 11 | 612 24 FER | 2434 | 01/03/2029 | 06/11/2014 | 30/11/2011 | ej.3 | 30/08/2011 | Reference | LIBRO DE CATEDRA | ||||||||
| Dewey Decimal Classification | Biblioteca Medicina | Biblioteca Medicina | Circulación | 30/08/2011 | 231 | 14 | 612 24 FER | 2435 | 11/03/2026 | 05/12/2025 | ej.4 | 30/08/2011 | Libros | Sede Tordos. | ||||||||||
| Dewey Decimal Classification | Biblioteca Medicina | Biblioteca Medicina | Circulación | 30/08/2011 | 188 | 18 | 612 24 FER | 2436 | 21/10/2025 | 14/10/2025 | ej.5 | 30/08/2011 | Libros | Sede Tordos. | ||||||||||
| Dewey Decimal Classification | Biblioteca Medicina | Biblioteca Medicina | Circulación | 30/08/2011 | 223 | 21 | 612 24 FER | 2437 | 31/10/2025 | 23/10/2025 | ej.6 | 30/08/2011 | Libros | Sede Tordos. | ||||||||||
| Dewey Decimal Classification | Biblioteca Medicina | Biblioteca Medicina | Circulación | 30/08/2011 | 228 | 20 | 612 24 FER | 2438 | 11/03/2026 | 05/03/2026 | ej.7 | 30/08/2011 | Libros | |||||||||||
| Dewey Decimal Classification | Biblioteca Medicina | Biblioteca Medicina | Circulación | 30/08/2011 | 200 | 16 | 612 24 FER | 2439 | 20/02/2025 | 16/12/2024 | ej.8 | 30/08/2011 | Libros | |||||||||||
| Dewey Decimal Classification | Non-fiction | Biblioteca Medicina | Biblioteca Medicina | Circulación | 16/10/2012 | 145 | 8 | 612 24 FER | 2672 | 27/09/2024 | 20/09/2024 | Ej. 9 | 16/10/2012 | Libros | Proyecto PROMED. | 674.90 | ||||||||
| Missing | Dewey Decimal Classification | Not For Loan | Non-fiction | Biblioteca Medicina | Biblioteca Medicina | Circulación | 16/10/2012 | 166 | 20 | 612 24 FER | 2673 | 29/04/2024 | 11/04/2024 | Ej. 10 | 16/10/2012 | Libros | Baja Abril 2024. Libro robado a Gonzalo Ulloa. Proyecto PROMED | 674.90 | Restricted Access | |||||
| Dewey Decimal Classification | Non-fiction | Biblioteca Medicina | Biblioteca Medicina | Circulación | 16/10/2012 | 132 | 14 | 612 24 FER | 2674 | 25/02/2025 | 18/02/2025 | Ej. 11 | 16/10/2012 | Libros | Proyecto PROMED. | 674.90 | ||||||||
| Dewey Decimal Classification | Non-fiction | Biblioteca Medicina | Biblioteca Medicina | Circulación | 14/11/2012 | 158 | 12 | 612 24 FER | 2684 | 30/10/2025 | 21/10/2025 | Ej. 12 | 14/11/2012 | Libros | Donacion McGraw Hill Nov.2012. Sede Tordos. | Donacion McGraw HillNov/2012 |